000 00728nam a2200205 a 4500
001 000013748
005 20240306073903.0
008 091130s2008 dr a 000 0 spa d
020 _a9789945111910
040 _aDO-SdBNP
_bspa
_cBNPHU
082 _a372.61
_bG943e
245 0 0 _aGuía español 8 /
_cdirección editorial Obdulia García de Escobar ; editor Manuel García Cartagena.
260 _aSanto Domingo :
_bSantillana,
_c2008.
300 _axvii, 192 p. :
_bil. ;
_c30 cm.
650 4 _aEspañol
_xGramática
_xEnseñanza básica
_919095
650 4 _aEspañol
_xGramática
_xLibros de texto
_93886
700 1 _aGarcía Escobar, Obdulia de
_eed.
_929220
700 1 _aGarcía Cartagena, Manuel
_eed.
_912067
049 _aBNPD
999 _c13361
_d13361